000 00993nam a22003017i 4500
003 DO-SdBNP
005 20250606134959.0
007 ta
008 250606b2013 |||||||| |||| 00| 0 spa d
020 _a9789945471472
040 _aDO-SdBNP
_bspa
_cBNPHU
_erda
041 _hsp
082 _axxx
_bC259v
_222
100 _aCaram, L., O.P.
_eautor
_988015
245 0 3 _aVive tu fe :
_besquema guía para estudiar el catecismo de la iglesia católica, primer modulo, La profesion de fe /
_cL. Caram, O.P.
250 _aPrimera edición
264 _aSanto Domingo :
_bPlan Nacional de Pastoral
_c2013.
300 _a136 páginas ;
_c24 cm
336 _ardacontent
_btexto
_2txt
337 _ardamedia
_bsin mediación
_2n
338 _ardacarrier
_bvolumen
_2nc
500 _aImpresión especial en módulos para la República Dominicana, tomada de la cuarta edición original
590 _aInventariado, 2025/DG
650 _988000
651 _988001
910 _aDG
942 _2ddc
_cLBS1
999 _c59165
_d59165